Guía para el estudio del Hebreo Bíblico
Saved in:
| Main Authors: | , |
|---|---|
| Format: | Bog |
| Sprog: | spansk hebraisk |
| Udgivet: |
Madrid
Sociedad Bíblica
2001
|
| Udgivelse: | 2a. ed |
| Fag: | |
| Tags: |
Tilføj Tag
Ingen Tags, Vær først til at tagge denne postø!
|
MARC
| LEADER | 00000cam a2200000 a 4500 | ||
|---|---|---|---|
| 001 | UCE6700 | ||
| 003 | CL-VaPUC | ||
| 008 | 150430e20010000sp |||||||||||||||||spa|d | ||
| 020 | |a 8480830719 | ||
| 041 | 0 | 7 | |a spa |2 CL-VaPUC |
| 041 | 0 | 7 | |a heb |2 CL-VaPUC |
| 082 | 0 | 4 | |a 492.4 |b DEI |2 21 |
| 100 | 0 | |a Deiana, Giovanni |e author |9 579302 | |
| 700 | 0 | |a Spreafico, Ambrogio |e author |9 579303 | |
| 245 | 1 | 0 | |a Guía para el estudio del Hebreo Bíblico |
| 250 | |a 2a. ed | ||
| 300 | |a 76 h | ||
| 942 | |c BK | ||
| 945 | |d 20150430 00:23:00 |a arojas | ||
| 260 | |a Madrid |b Sociedad Bíblica |c 2001 | ||
| 500 | |a Clave de los ejercicios | ||
| 500 | |a Ayuda en audio | ||
| 500 | |a Análisis gramatical de la Crestomatía | ||
| 650 | 0 | |a Hebreo |9 391464 | |
| 650 | 7 | |a GRAMATICA HEBREA |2 CL-VaPUC |9 509884 | |
| 650 | 0 | |a Biblia |9 257603 | |
| 650 | 0 | |a Antiguo testamento |9 313678 | |
| 583 | |a last modification |c 20190801 07:01:50 |k Rodrigo Vera | ||
| 999 | |c 358924 |d 358922 | ||
| 952 | |0 0 |1 0 |3 erd |4 0 |6 492_400000000000000_DEI_2001 |7 0 |8 A |9 467890 |a BIBTEO |b BIBTEO |i 5146992 |l 3 |m 3 |o 492.4 DEI 2001 |p 5146992 |r 2025-01-17 |s 2023-10-17 |w 2019-11-23 |y BK |z Catalogado en:20150430 |k ICR | ||